000
00266nam a2200109Ia 4500
008
190216s9999||||xx |||||||||||||| ||und||
100
_a
University Of Travancore
245
0
_a
Terms In Mathematics
260
_b
Dept Of Physics
650
_a
Mathematics
942
_c
BK
999
_c
30479
_d
30479